Quiz o Marsie - Statystyki

Ogólne statystyki
  • Ten quiz został rozwiązany 944 razy
    942 od ostatniego zresetowania
  • Średni wynik to 7 z 18
Statystyki odpowiedzi
Pytanie Odpowiedź % Poprawnych
Greckie imię tego rzymskiego boga Ares
85%
Mars został nazwany na cześć rzymskiego boga ____ Wojny
82%
Rodzaj burzy, która czasami otacza całą planetę Burza {Piaskowa}
63%
Przewiduje się, że za 35–50 milionów lat Mars zyska jeden z nich, coś, co mają już 4 z 8 planet Pierścień
63%
Związek nadający Marsowi czerwonawy wygląd Tlenek {żelaza}
61%
Pierwsze państwo, który wysłało sondę na powierzchnię Marsa w 1971 roku Związek Radziecki
60%
Amerykańska firma założona w 2002 roku w celu umożliwienia kolonizacji Marsa SpaceX
58%
Gaz stanowiący 95,97% cienkiej atmosfery Marsa Dwutlenek węgla
40%
Największy wulkan w Układzie Słonecznym {Olympus} Mons
38%
Dwa księżyce Marsa Fobos
36%
Aktor, który był główną gwiazdą filmu „Marsjanin” z 2015 roku Matt Damon
32%
Dwa księżyce Marsa Deimos
30%
Valles Marineris to system długich i niezwykle głębokich... Kanionów
26%
Wymień dowolny z dwóch łazików NASA, które obecnie działają na Marsie Curiosity | Perseverance
24%
Termin określający czas potrzebny na obrót Marsa, około 24 godzin i 39 minut Sol
16%
Looney Tunes postać z Marsa, która chce zniszczyć Ziemię Marsjanin {Marvin}
10%
Statek kosmiczny, który wykonał pierwszy udany przelot obok Marsa w 1965 roku Mariner 4
8%
Pierwsza działająca sonda marsjańska, która wylądowała w 1976 roku Viking 1
8%
Nie znaleziono quizów pasujących do podanych kryteriów
Rozkład punktacji
Procent ludzi z każdym wynikiem
Percentyl według liczby udzielonych odpowiedzi
Twoja historia wyników
Nie rozwiązałeś tego quizu od ostatniego zresetowania